[Event "EU-Cup 28th"]
[Site "Eilat"]
[Date "2012.10.16"]
[Round "6.3"]
[White "Kosmo, Santul"]
[Black "Stubberud, Ornulf A"]
[Result "1/2-1/2"]
[WhiteElo "2212"]
[BlackElo "2309"]
[PlyCount "71"]
[EventDate "2012.10.11"]
[EventType "team-swiss"]
[EventRounds "7"]
[EventCountry "ISR"]
[SourceTitle "CBM 151"]
[Source "ChessBase"]
[SourceDate "2012.11.13"]
[SourceVersion "1"]
[SourceVersionDate "2012.11.13"]
[SourceQuality "1"]
[WhiteTeam "Shakkivelhot"]
[BlackTeam "Oslo Schakselskap"]
[WhiteTeamCountry "FIN"]
[BlackTeamCountry "NOR"]

1. e4 c5 2. Nf3 e6 3. g3 a6 4. Bg2 Qc7 5. 0-0 d6 6. d4 cxd4 7. Nxd4 Bd7 8. Nc3 Nc6 9. Re1 Nxd4 10. Qxd4 Ne7 11. Bg5 f6 12. Be3 Nc6 13. Qd1 b5 14. f4 b4 15. Na4 Rb8 16. b3 Na5 17. Nb6 Rxb6 18. Qh5+ g6 19. Qxa5 Rb7 20. Qxc7 Rxc7 21. Rac1 Be7 22. Bd2 Rb7 23. c3 bxc3 24. Bxc3 e5 25. Bf1 Bb5 26. Bxb5+ Rxb5 27. Kf2 Kd7 28. Bd2 a5 29. Rc4 Ra8 30. Rec1 Bd8 31. Ke2 Bb6 32. Be3 Bd8 33. Bd2 Bb6 34. Be3 Bd8 35. Bd2 Bb6 36. Be3 1/2-1/2

[Event "EU-Cup 28th"]
[Site "Eilat"]
[Date "2012.10.13"]
[Round "3.3"]
[White "Grischuk, Alexander"]
[Black "Stubberud, Ornulf A"]
[Result "1-0"]
[WhiteElo "2752"]
[BlackElo "2309"]
[PlyCount "73"]
[EventDate "2012.10.11"]
[EventType "team-swiss"]
[EventRounds "7"]
[EventCountry "ISR"]
[SourceTitle "CBM 151"]
[Source "ChessBase"]
[SourceDate "2012.11.13"]
[SourceVersion "1"]
[SourceVersionDate "2012.11.13"]
[SourceQuality "1"]
[WhiteTeam "SOCAR"]
[BlackTeam "Oslo Schakselskap"]
[WhiteTeamCountry "AZE"]
[BlackTeamCountry "NOR"]

1. e4 d6 2. d4 Nf6 3. Nc3 g6 4. Bg5 Bg7 5. Qd2 c6 6. f4 0-0 7. Bd3 Qc7 8. e5 Nd5 9. Nxd5 cxd5 10. Nf3 Nc6 11. 0-0 f6 12. exf6 exf6 13. Bh4 f5 14. c3 Bd7 15. Rfe1 Rfe8 16. h3 Na5 17. b3 b5 18. Rac1 a6 19. Kh2 Qb6 20. Rc2 Rxe1 21. Qxe1 Re8 22. Re2 Rxe2 23. Qxe2 Nc6 24. b4 Qb8 25. Bc2 Kh8 26. Bb3 Qg8 27. a4 Qe6 28. Qa2 Ne7 29. axb5 Bxb5 30. Bxe7 Qxe7 31. Bxd5 Be2 32. Ng5 Qe3 33. Nf7+ Kg8 34. Nd8+ Kh8 35. Nf7+ Kg8 36. Bf3 h5 37. Nd8+ 1-0

[Event "NOR-chT 1112"]
[Site "Norway"]
[Date "2012.03.24"]
[Round "8"]
[White "Gabrielsen, Trond"]
[Black "Stubberud, Ornulf A"]
[Result "0-1"]
[WhiteElo "2277"]
[BlackElo "2321"]
[PlyCount "96"]
[EventDate "2011.11.04"]
[EventType "team-tourn"]
[EventRounds "9"]
[EventCountry "NOR"]
[SourceTitle "EXT 2013"]
[Source "ChessBase"]
[SourceDate "2012.11.22"]
[SourceVersion "1"]
[SourceVersionDate "2012.11.22"]
[SourceQuality "1"]
[WhiteTeam "Bergens"]
[BlackTeam "Oslo SS"]
[WhiteTeamCountry "NOR"]
[BlackTeamCountry "NOR"]

1. e4 d6 2. d4 Nf6 3. Nc3 g6 4. f4 Bg7 5. Nf3 0-0 6. Bd3 Na6 7. 0-0 c5 8. d5 Bg4 9. h3 Bxf3 10. Rxf3 Nd7 11. a4 Nb4 12. Be2 Qa5 13. Nb5 Rfc8 14. c3 Na6 15. b3 Qd8 16. Bb2 Nc7 17. Qc2 a6 18. Nxc7 Rxc7 19. a5 Rcc8 20. c4 Qf8 21. Re3 Bxb2 22. Qxb2 Rcb8 23. Bg4 Nf6 24. e5 Nxg4 25. hxg4 b6 26. axb6 Rxb6 27. Rh3 Rab8 28. Kf2 Qg7 29. Rah1 a5 30. Ra1 Rb4 31. Qe2 Rxb3 32. Rxb3 Rxb3 33. Rxa5 Qh6 34. Qe4 Qh4+ 35. Kg1 Qxg4 36. exd6 exd6 37. Ra8+ Kg7 38. Qc2 Re3 39. Qb2+ Kh6 40. Qf2 Rc3 41. Qf1 Qg3 42. Re8 Kg7 43. Qa1 h5 44. Re2 Qd3 45. Re4 h4 46. f5 g5 47. Rg4 Kf6 48. Re4 Qxe4 0-1

[Event "NOR-chT 1112"]
[Site "Norway"]
[Date "2011.11.06"]
[Round "3"]
[White "Stubberud, Ornulf A"]
[Black "Johansen, Paul Arne"]
[Result "1/2-1/2"]
[WhiteElo "2321"]
[BlackElo "2127"]
[PlyCount "97"]
[EventDate "2011.11.04"]
[EventType "team-tourn"]
[EventRounds "9"]
[EventCountry "NOR"]
[SourceTitle "EXT 2013"]
[Source "ChessBase"]
[SourceDate "2012.11.22"]
[SourceVersion "1"]
[SourceVersionDate "2012.11.22"]
[SourceQuality "1"]
[WhiteTeam "Oslo SS"]
[BlackTeam "Moss"]
[WhiteTeamCountry "NOR"]
[BlackTeamCountry "NOR"]

1. e4 e6 2. d4 d5 3. Nd2 Nf6 4. e5 Nfd7 5. Bd3 c5 6. c3 Nc6 7. Ne2 Be7 8. 0-0 Qc7 9. Kh1 b6 10. a3 a5 11. f4 g6 12. Nf3 c4 13. Bc2 b5 14. h3 Bb7 15. g4 h5 16. Kg2 0-0-0 17. Ng3 Rdg8 18. Bd2 a4 19. Qe2 hxg4 20. hxg4 Bh4 21. Rh1 Bxg3 22. Kxg3 Rxh1 23. Rxh1 Nf8 24. Ng5 Nd8 25. Rh6 Qe7 26. Qh2 Bc6 27. Kf3 Be8 28. Ke3 f6 29. exf6 Qxf6 30. Be1 Nf7 31. Nxf7 Qxf7 32. Bh4 Rg7 33. Bg5 Bd7 34. Qh4 Be8 35. Bf6 Rh7 36. Be5 Rxh6 37. Qxh6 Nd7 38. f5 Nxe5 39. dxe5 Qa7+ 40. Ke2 Qg1 41. f6 Qxg4+ 42. Kd2 d4 43. cxd4 Qxd4+ 44. Kc1 Qg1+ 45. Bd1 Qa7 46. Qf8 Qf7 47. Qc5+ Qc7 48. Qf8 Qf7 49. Qc5+ 1/2-1/2

[Event "EU-Cup 27th"]
[Site "Rogaska Slatina"]
[Date "2011.09.29"]
[Round "5"]
[White "Yigit, Aleyna"]
[Black "Stubberud, Ornulf A"]
[Result "0-1"]
[WhiteElo "1729"]
[BlackElo "2322"]
[PlyCount "58"]
[EventDate "2011.09.25"]
[EventType "team-swiss"]
[EventRounds "7"]
[EventCountry "SLO"]
[SourceTitle "CBM 145"]
[Source "ChessBase"]
[SourceDate "2011.11.11"]
[SourceVersion "1"]
[SourceVersionDate "2011.11.11"]
[SourceQuality "1"]
[WhiteTeam "Isek Aquamatch"]
[BlackTeam "Oslo Schakselskap"]
[WhiteTeamCountry "TUR"]
[BlackTeamCountry "NOR"]

1. e4 d6 2. d4 Nf6 3. Nc3 g6 4. f3 c6 5. Be3 Nbd7 6. Qd2 b5 7. a4 b4 8. Nce2 a5 9. c3 bxc3 10. bxc3 Bg7 11. Bh6 Bxh6 12. Qxh6 e5 13. h4 Qb6 14. h5 Nxh5 15. Rxh5 gxh5 16. Nh3 f6 17. dxe5 dxe5 18. Rd1 Qc5 19. f4 Qf8 20. Qxh5+ Qf7 21. Qh4 Bb7 22. fxe5 0-0-0 23. exf6 Nxf6 24. Rb1 Qa2 25. Rxb7 Kxb7 26. Qxf6 Qd2+ 27. Kf2 Rhf8 28. Qxf8 Rxf8+ 29. Kg1 Qe3+ 0-1

[Event "Rethymno op 3rd"]
[Site "Rethymno"]
[Date "2011.07.18"]
[Round "9"]
[White "Kohlweyer, Bernd"]
[Black "Stubberud, Ornulf A"]
[Result "1-0"]
[WhiteElo "2494"]
[BlackElo "2322"]
[PlyCount "88"]
[EventDate "2011.07.11"]
[EventType "swiss"]
[EventRounds "9"]
[EventCountry "GRE"]
[SourceTitle "CBM 143 Extra"]
[Source "ChessBase"]
[SourceDate "2011.08.29"]
[SourceVersion "1"]
[SourceVersionDate "2011.08.29"]
[SourceQuality "1"]

1. d4 d5 2. c4 e6 3. Nc3 Be7 4. cxd5 exd5 5. Bf4 c6 6. Qc2 Bd6 7. Bxd6 Qxd6 8. e3 Ne7 9. Bd3 Nd7 10. Nge2 Nf6 11. h3 Ng6 12. f3 Qe7 13. e4 dxe4 14. fxe4 Nh5 15. g3 Qg5 16. Qd2 Qxd2+ 17. Kxd2 Nf6 18. e5 Nd7 19. b4 0-0 20. Nf4 Nb6 21. a4 a5 22. Rab1 Nxf4 23. gxf4 Rd8 24. Ke3 axb4 25. Rxb4 Nd5+ 26. Nxd5 Rxd5 27. h4 Rda5 28. Bc2 c5 29. Rc4 cxd4+ 30. Rxd4 Be6 31. Rb1 g6 32. Rxb7 Rc8 33. Kd2 Rac5 34. Bd3 Rc3 35. Rd8+ Rxd8 36. Kxc3 Rc8+ 37. Kd2 Rd8 38. Ke3 Rc8 39. a5 Rc3 40. Kd4 Ra3 41. a6 Ra4+ 42. Kc5 Ra5+ 43. Bb5 Bf5 44. Kb6 Ra1 1-0